Todi Raag ka Parivartit Swaroop Evam Todi Ang ke Antargat Aane Wale Raago Ka Saidhhantik Aur Vyavharik Aadhyayan (Record no. 1117501)

MARC details
000 -LEADER
fixed length control field 00797nam a2200241Ia 4500
003 - CONTROL NUMBER IDENTIFIER
control field OSt
005 - DATE AND TIME OF LATEST TRANSACTION
control field 20221006164517.0
008 - FIXED-LENGTH DATA ELEMENTS--GENERAL INFORMATION
fixed length control field 221006b |||||||| |||| 00| 0 hin d
037 ## - SOURCE OF ACQUISITION
Terms of availability Theseses
040 ## - CATALOGING SOURCE
Original cataloging agency FML
Transcribing agency FML
Language of cataloging hin
041 ## - LANGUAGE CODE
Source of code hin
Language code of text/sound track or separate title hin
100 ## - MAIN ENTRY--PERSONAL NAME
Personal name Khanna Santosh Au.
9 (RLIN) 677653
110 ## - MAIN ENTRY--CORPORATE NAME
Corporate name or jurisdiction name as entry element University of Delhi. Faculty of Music and Fine Arts. Department of Music
9 (RLIN) 520437
245 #0 - TITLE STATEMENT
Title Todi Raag ka Parivartit Swaroop Evam Todi Ang ke Antargat Aane Wale Raago Ka Saidhhantik Aur Vyavharik Aadhyayan
260 ## - PUBLICATION, DISTRIBUTION, ETC.
Date of publication, distribution, etc. 1993
300 ## - PHYSICAL DESCRIPTION
Extent 388
Dimensions cm.
700 ## - ADDED ENTRY--PERSONAL NAME
Personal name University of Delhi. Faculty of Music and Fine Arts. Department of Music
9 (RLIN) 520438
942 ## - ADDED ENTRY ELEMENTS (KOHA)
Koha item type Dissertations
Source of classification or shelving scheme Colon Classification (CC)
Holdings
Withdrawn status Lost status Source of classification or shelving scheme Damaged status Not for loan Home library Current library Date acquired Total Checkouts Barcode Date last seen Price effective from Koha item type
    Colon Classification (CC)     Department of Music Library Department of Music Library 2022-10-06   MU0000858 2022-10-06 2022-10-06 Dissertations
Copyright @ Delhi University Library System